| 000 | 00856cad a22002055a 4500 | ||
|---|---|---|---|
| 001 | L154388 | ||
| 008 | 111122s2011 xxk f 000 0 eng d | ||
| 035 | _a(Sirsi) u154388 | ||
| 041 | 0 | _aeng | |
| 110 | 2 |
_aBarclay, Christopher _95993 |
|
| 245 | 0 | 0 |
_aPlanning use classes _h[electronic resource] |
| 260 |
_aLondon _bUK Parliament _c2011 |
||
| 490 | 0 |
_aHouse Of Commons Library Standard Note _vSN/SC/1301 |
|
| 520 | _aThis note describes the system of use class orders, which define those changes of use that can be made without requiring planning permission. | ||
| 590 | _aKA | ||
| 651 | 4 |
_aEngland and Wales _y1543- |
|
| 690 | _aENVIRONMENTAL AND LAND CONSULTANCY-PLANNING AND DEVELOPMENT | ||
| 856 | 4 | 0 |
_uhttps://www.parliament.uk/business/publications/research/briefing-papers/SN01301 _zView the item free of charge at www.parliament.uk |
| 942 | _n0 | ||
| 999 |
_c112967 _d112967 |
||